<?xml version="1.0" encoding="UTF-8"?>
<collection xmlns="http://www.loc.gov/MARC21/slim">
  <record>
    <leader>00000nam  2200000   4500</leader>
    <controlfield tag="001">000134</controlfield>
    <datafield tag="020" ind1=" " ind2=" ">
      <subfield code="9">786026587725</subfield>
    </datafield>
    <datafield tag="082" ind1=" " ind2=" ">
      <subfield code="7">41.500</subfield>
    </datafield>
    <datafield tag="100" ind1=" " ind2=" ">
      <subfield code="A">nee Rahman</subfield>
    </datafield>
    <datafield tag="245" ind1=" " ind2=" ">
      <subfield code="H">ari minggu bersama ibu</subfield>
    </datafield>
    <datafield tag="264" ind1=" " ind2=" ">
      <subfield code="J">akarta: Bee Media Pustaka 2019</subfield>
    </datafield>
    <datafield tag="300" ind1=" " ind2=" ">
      <subfield code="2">8 halaman; 20 cm.</subfield>
    </datafield>
    <datafield tag="650" ind1=" " ind2=" ">
      <subfield code="G">ambar</subfield>
    </datafield>
    <datafield tag="905" ind1=" " ind2=" ">
      <subfield code="7">41.5 ANE h</subfield>
    </datafield>
    <datafield tag="336" ind1=" " ind2=" ">
      <subfield code="a"/>
    </datafield>
    <datafield tag="337" ind1=" " ind2=" ">
      <subfield code="a"/>
    </datafield>
    <datafield tag="338" ind1=" " ind2=" ">
      <subfield code="a"/>
    </datafield>
    <controlfield tag="005">20260702151432.0</controlfield>
    <controlfield tag="008">260702s2026\\\\\\\\\\\\\\\\\\\\\\\\\\\\\\\\\\\\\\\\\</controlfield>
  </record>
</collection>
